Переоценка золото-сульфидных месторождений Казахстана на комплексное золото-платиноидное оруденение; Минеральные ресурсы важнейший фактор интеграции Республики Казахстан в систему мировой экономики

Detaylı Bibliyografya
Parent link:Минеральные ресурсы важнейший фактор интеграции Республики Казахстан в систему мировой экономики.— 1993.— С. 155-158
Diğer Yazarlar: Коробейников А. Ф. Александр Феопенович, Иванов Ю. А., Колпакова Н. А. Нина Александровна, Пшеничкин А. Я. Анатолий Яковлевич
Özet:В фонде НТБ ТПУ отсутствует
Dil:Rusça
Baskı/Yayın Bilgisi: 1993
Konular:
Materyal Türü: Kitap Bölümü
KOHA link:https://koha.lib.tpu.ru/cgi-bin/koha/opac-detail.pl?biblionumber=595390

MARC

LEADER 00000naa0a2200000 4500
001 595390
005 20250303111109.0
035 |a (RuTPU)RU\TPU\tpu\16445 
090 |a 595390 
100 |a 20090817d1993 k||y0rusy50 ca 
101 0 |a rus 
102 |a RU 
200 1 |a Переоценка золото-сульфидных месторождений Казахстана на комплексное золото-платиноидное оруденение  |f А. Ф. Коробейников [и др.] 
333 |a В фонде НТБ ТПУ отсутствует 
463 |t Минеральные ресурсы важнейший фактор интеграции Республики Казахстан в систему мировой экономики  |o тезисы докладов Международной конференции  |v С. 155-158  |d 1993 
610 1 |a труды учёных ТПУ 
701 1 |a Коробейников  |b А. Ф.  |c российский геолог, доктор геолого-минералогических наук  |c профессор Томского политехнического университета  |f 1934-  |g Александр Феопенович  |3 (RuTPU)RU\TPU\pers\12688  |4 070 
701 1 |a Иванов  |b Ю. А.  |4 070 
701 1 |a Колпакова  |b Н. А.  |c девичья фамилия Полукарова  |c российский химик  |c профессор Томского политехнического университета, доктор химических наук  |c Почетный химик России (1996 г.)  |f 1942-  |g Нина Александровна  |3 (RuTPU)RU\TPU\pers\21963  |4 070 
701 1 |a Пшеничкин  |b А. Я.  |c заведующий лабораторией  |c лаборатория геологии золота Томского политехнического университета  |g Анатолий Яковлевич  |3 (RuTPU)RU\TPU\pers\24725  |4 070 
801 1 |a RU  |b 63413507  |c 20090817 
801 2 |a RU  |b 63413507  |c 20130517  |g RCR 
942 |c BK